|
|
|
|
| LEADER |
00000nsc a2200000 a 4500 |
| 001 |
56001 |
| 005 |
20230308220144.0 |
| 008 |
000000|1965 ||||||||r|||||||||||spa|| |
| 040 |
|
|
|b spa
|
| 041 |
1 |
|
|a spa
|
| 082 |
0 |
|
|a 523.1
|
| 100 |
1 |
|
|a Ducrocq, Albert
|9 304453
|
| 245 |
|
|
|a El hombre en el espacio
|c Albert Ducrocq. Traducción A. Ribera
|h imp
|
| 264 |
|
|
|a Buenos Aires
|b Plaza Janes
|c 1965
|
| 300 |
|
|
|a 303 páginas:
|b ilu
|c 18 cm
|
| 490 |
|
|
|a Enciclopedia esencial
|
| 504 |
|
|
|a incl. ref.
|
| 650 |
|
|
|a Universo
|9 12961
|
| 650 |
|
|
|a Espacio
|9 350
|
| 852 |
|
|
|a UC-CDJBV
|c ESTANTERIA CERRADA
|f Donación
|k margarita.gutierrez
|l 1
|m General
|p 00000000
|t 56001
|b 0
|d CDRC
|e CDRC
|g 523.1 ESTANTERIA CERRADA
|z 0000-00-00
|
| 942 |
|
|
|
| 999 |
|
|
|c 133058
|d 133058
|